000 00752cam a22002292 4500
001 0000001677
005 20151217145725.0
008 070321s xx 000 0 eng d
020 _a0256126348 :
_cKES 300 (donation)
040 _aKABU
_cKABU
050 0 _aHD30.28
_b.P43 1994
100 1 _aPearce, John A.
_@0000150621
245 1 0 _aFormulation, implementation and control of competitive strategy /
_cJohn A. Pearce, Richard B. Robinson.
250 _a5th ed.
260 _aBurr Ridge, Illinois :
_bIrwin,
_cc1994.
300 _axxiii, 418 p. ;
_c23 cm.
650 0 _aStrategic planning.
_@0000150576
700 1 _aRobinson, Richard B.
_@0000150622
908 _a070321
950 _@1
999 _c1922
_d1922